000 03441nam a2200409 a 4500
001 000020381
005 20240306073903.0
008 150130s2008 dr ac 000 0 spa d
020 _a9789945111927 (v. 1)
020 _a9789945111934 (v. 2)
020 _a9789945111941 (v. 3)
020 _a9789945111958 (v. 4)
020 _a9789945111972 (v. 6)
020 _a9789945111989 (v. 7)
020 _a9789945111996 (v. 8)
040 _aDO-SdBNP
_bspa
_cBNPHU
100 1 _aSantos, Altagracia
_96594
245 1 0 _aMatemáticas :
_beducación básica /
_cAltagracia Santos, Andrés Molina Maloon ; dirección editorial Obdulia García de Escobar ; ilustraciones Ruddy Núñez.
260 _aSanto Domingo :
_bSantillana,
_c2008.
300 _a8 v + CD Room :
_bil., retrs. ;
_c30 cm.
490 1 _aCoral
500 _aEducación básica
500 _aLa biblioteca solamente posee los volumenes de las guías 1, 2, 3, 4, 6, 7 y 8
500 _aLa biblioteca solamente posee los cuadernos de trabajo de los volumenes 2, 3, 7 y 8.
500 _aIncluye CD Room
505 0 _gv. 1 :
_tNúmeros hasta el 9 --
_tSituaciones de suma --
_tLa decena --
_tLínea y figuras --
_tDecenas completas --
_tNúmeros del 11 al 99 --
_tSuma y resta --
_tLa centena --
_tLas fracciones --
_tFormas simétricas --
_tCuerpos geométricos --
_tMediciones --
_tRegistro de datos --
505 0 _gv. 2 :
_tSuma y resta --
_tDel 100 al 1,000 --
_tOperar con centenas --
_tLa multiplicacíon --
_tLa división --
_tLíneas y figuras --
_tMedidas de longitud --
_tOtras medidas --
_tFiguras geométricas --
_tNuestro dinero --
_tRegistro de datos --
505 0 _gv. 3 :
_tUnidades de millar --
_tSuma y resta --
_tLa multiplicacíon --
_tLa división --
_tDecenas de millar --
_tLas fracciones --
_tUnidades de longitud --
_tEl tiempo y su medida --
_tÁrea --
_tÁngulo --
_tFiguras y cuerpos --
_tOtras medidas --
505 0 _gv. 4 :
_tNúmeros hasta el millón --
_tOperaciones aritméticas, 1 --
_tOperaciones aritméticas, 2 --
_tFracciones --
_tLos números decimales --
_tVariaciones proporcionales --
_tLongitud y perímetro --
_tPuntos, líneas y ángulos --
_tFiguras y cuerpos --
_tSimetría. Movimientos --
_tMedidas. Estadística --
505 0 _gv. 6 :
_tOperaciones aritméticas --
_tFracciones --
_tNúmeros decimales --
_tOperaciones con decimales --
_tPotencias y raíz cuadrada --
_tPorcentajes --
_tNúmeros racionales --
_tRazones y proporciones --
_tPolígonos --
_tConstrucciones --
_tMediciones --
_tEstadística --
505 0 _gv. 7 :
_tLos números enteros --
_tOperaciones con números enteros --
_tNúmeros racionales --
_tOperaciones con números racionales --
_tCoordenadas cartesianas --
_tConstrucciones geométricas --
_tÁngulos --
_tSólidos geométricos, 1 --
_tSólidos geométricos, 2 --
_tRecolección y análisis de datos --
_tValores medios y de dispersión --
_tProbabilidades --
505 0 _gv. 8 :
_tLos números racionales --
_tOperaciones con números racionales --
_tPotencias y raíces --
_tLos números reales --
_tEl lenguaje del álgebra --
_tLa función polinómica --
_tEcuaciones del primer grado --
_tInecuaciones de primer grado --
_tMétrica del plano cartesiano --
_tTransformaciones geométricas --
_tÁreas y volúmenes, I --
_tÁreas y volúmenes, II --
_tEstadística y probabilidades --
700 1 _aMolina Maloon, Andrés
_96596
700 1 _aGarcía Escobar, Obdulia de
_edir. ed.
_929220
700 1 _aNúñez, Ruddy
_eil.
_923171
830 0 _aCoral
_930539
999 _c19885
_d19885